000 01142nmm a2200313 a 4500
001 ocm0002015271
003 TR-IsHL
005 20201028180140.0
008 181201s2016 tu tur
007 cr cn
020 _a9786054635221
035 _a2015271
_b(N$T)
050 0 4 _aPL248.B355
_bÖ9 2016
090 0 4 _aPL248.B355
_bÖ9 2016
100 1 _aÖztürk, Furkan
245 1 0 _aBâkî divanı sözlüğü: bağlamlı dizin ve işlevsel sözlük: K-Z
_h[electronic resource] /
_cFurkan Öztürk ; editör Eren Yalçın
250 _aBirinci Baskı
260 _aİstanbul :
_bDün Bugün Yarın Yayınları,
_c2016
300 _a448 p.
650 4 _aDil ve Edebiyat
650 4 _aLanguage and Literature
650 0 _aBâkî, 1526-1600
_x Eleştiri ve yorum
650 0 _aBâkî, 1526-1600
_x Critism and interpretation
650 0 _aTürk şiiri
_x Eleştiri ve yorum
650 0 _aTurkish poetry
_x Criticism and interpretation
650 7 _aPOETRY / Middle Eastern
_2bisacsh
700 1 _aYalçın, Eren
856 4 0 _uhttp://search.ebscohost.com/login.aspx?direct=true&scope=site&db=e011xww&AN=2015271
999 _c19003
_d19003